|
|
|
|
| LEADER |
00000nab a2200000 a 4500 |
| 001 |
vtls000659043 |
| 003 |
SK-MaSNL |
| 005 |
20260302183553.0 |
| 008 |
180207c1998 xo 0 slo |
| 015 |
|
|
|a SNBRB1998/06-16291
|
| 035 |
|
|
|a CLN000011235
|
| 040 |
|
|
|a SNKBUCL
|b slo
|c SNKBUCL
|e AACR2
|
| 041 |
0 |
|
|a slo
|
| 044 |
|
|
|a xo
|c SK
|
| 080 |
|
|
|a 796.322.093.1-053.6
|2 UDC-MRF-SK2
|
| 100 |
1 |
|
|a Simonides, Martin
|4 aut
|9 838360
|
| 245 |
1 |
0 |
|a V zápase o všetko vysoká prehra-
|b kvalifikácia o postup na ME '98 juniorov v hádzanej
|c Martin Simonides
|
| 650 |
0 |
7 |
|a hádzaná
|x juniori
|x Slovensko-Luxembursko
|x S lovensko-Juhoslávia
|z Považská Bystrica (Slovensko)
|y 1998
|2 snkbucl
|9 897396
|
| 655 |
|
7 |
|a články z novín a časopisov
|2 snkbucl
|9 267496
|
| 773 |
0 |
|
|t Šport
|g Roč. 52, č. 130 (8.6.1998), s. 13
|
| 850 |
|
|
|a Slovenská národná knižnica v Martine
|
| 852 |
|
|
|a SNK
|b KIS3GCP
|
| 958 |
|
|
|a RBX
|
| 999 |
|
|
|c 1422158
|d 1424088
|